George Costanza: Marine Biologist Quiz Stats

 Plays Quiz Updated Dec 15, 2018

Also try: Marine Mammals
Challenge
Share
Tweet
Embed
Score 0/155 Timer 08:00
10 Plays Today
% Correct
a
95.1%
a
95.1%
a
95.1%
a
95.1%
a
95.1%
The
95.1%
the
95.1%
the
95.1%
the
95.1%
the
95.1%
the
95.1%
the
95%
I
95%
I
95%
I
95%
I
95%
I
95%
I
95%
I
95%
I
95%
I
95%
I
95%
I
95%
an
88.3%
was
87.7%
was
87.7%
was
87.7%
was
87.7%
was
87.7%
was
87.7%
in,
81.6%
in
81.2%
sea
80.7%
to
79.7%
to
79.7%
that
79.6%
that
79.6%
my
78%
my
78%
my
78%
day,
77.1%
and
73.3%
And
73.3%
and
73.3%
and
73.3%
friends,
69.8%
angry
69.7%
so
69%
out
66.5%
out
66.5%
out
66.5%
out
66.5%
% Correct
he
65.6%
he
65.6%
he
65.6%
me.
65.2%
me
65.2%
me,
65.2%
me,
65.2%
of
64.2%
of
64.2%
of
64.2%
fish.
62.8%
on
60.4%
man
58.9%
like
58.6%
like
58.6%
beast
58.2%
waves
57.2%
pulled
56.6%
obstruction!
56.4%
blowhole.
56.4%
old
56%
wave
55.8%
reached
55.8%
hand
55.7%
great
55%
great
55%
great
55%
could
54.6%
could
54.6%
big
54%
see
53.4%
see
53.4%
if
52.9%
if
52.9%
back
52.7%
soup
52.3%
ya
51.9%
deli.
51.1%
there,
51%
trying
50.5%
eye
50.3%
then,
48.3%
Then,
48.3%
obstructing
46.9%
send
46.1%
something
44.8%
something
44.8%
said,
44.7%
breathing.
44.6%
fella!''
44.6%
As
44.5%
as
44.5%
% Correct
tell
44%
its
44%
crashing
42.4%
into
42.3%
around,
42.3%
felt
41%
''Easy,
41%
top
41%
knew
41%
with
40.9%
down
40%
foot.
39.8%
ten
38.8%
high
37.7%
From
36.7%
from
36.7%
from
36.7%
where
36%
huge
35.9%
stories
35.7%
let
35.6%
nowhere,
34.3%
him
34%
him,
34%
bellow.
33.9%
face
32.8%
face
32.8%
right
32.8%
but
32.7%
feet
32.4%
barely
31.8%
tossed
30.7%
sensing
29.3%
tidal
29.3%
standing,
28.6%
before
27.7%
presence,
27.5%
upon
27.1%
found
26.5%
suddenly
24.7%
about
24.3%
got
24%
myself
24%
directly
23.9%
lifted
22.9%
fifty
22.6%
appeared
21.7%
cork,
21.4%
struggling,
14.8%
watched
14.4%
realized
13.7%

You're not logged in!

Compare scores with friends on all Sporcle quizzes.
OR
Log In

You Might Also Like...

Show Comments

Extras

Top Quizzes Today


Score Distribution

Your Account Isn't Verified!

In order to create a playlist on Sporcle, you need to verify the email address you used during registration. Go to your Sporcle Settings to finish the process.

Report this User

Report this user for behavior that violates our Community Guidelines.

Details: